000 01024nam a2200349 a 4500
001 000107716
003 CHAP
005 20220329143940.0
008 131023s2007 mx a |ri |||1|||spa|d
010 _a104178
011 _a105150
020 _a9687462434
040 _cCHAP
082 0 4 _a634.653
_bT4 2007
100 0 0 _aTéliz Ortiz, Daniel.
_9113536
245 1 3 _aEl aguacate :
_by su manejo integrado /
_cpor Daniel Téliz y Antonio Mora.
250 _a2 ed.
260 _améxico, D.F. :
_bMundi Prensa,
_c2007.
300 _aix, 321 p. :
_bil.
_e+ 1 CD (4 3/4 plg.)
534 _pTít. original :
590 _aBATCH-UPD
_b10
_c20180622
_lUCH01
_h0901
590 _aE792CSJ
_b10
_c20131023
_lUCH01
_h1130
650 1 4 _aAguacate.
_92490
650 1 4 _aAguacate
_xHistoria.
_92523
650 1 4 _aAguacate
_xPlagas.
_92543
650 1 4 _aAguacate
_xPropagación.
_92551
650 1 4 _aFertilizantes
_xEfecto en aguacate.
_940472
700 1 _aMora, Antonio.
_978184
901 _aBK
942 _cLIBRO
942 _n0
999 _c104178
_d104178